Premierzy III RP - Statystyki

Ogólne statystyki
  • Ten quiz został rozwiązany 17 razy
  • Średni wynik to 7 z 18
Statystyki odpowiedzi
Hint Odpowiedź % Poprawnych
5 Hanna Suchocka 92-93
100%
3 Jan Olszewski 91-92
100%
1 Tadeusz Mazowiecki 89-91
100%
6 Waldemar Pawlak 93-95
100%
2 Jan Krzysztof Bielecki 91-91
50%
9 Jerzy Buzek 97-01
50%
7 Józef Oleksy 95-96
50%
10 Leszek Miller 01-04
50%
4 Waldemar Pawlak 92-92
50%
8 Włodzimierz Cimoszewicz 96-97
50%
16 Beata Szydło 15-17
0%
14 Donald Tusk 07-14
0%
18 Donald Tusk 23-teraz
0%
15 Ewa Kopacz 14-15
0%
13 Jarosław Kaczyński 06-07
0%
12 Kazimierz Marcinkiewicz 05-06
0%
11 Marek Belka 04-05
0%
17 Mateusz Morawiecki 17-23
0%
Nie znaleziono quizów pasujących do podanych kryteriów
Rozkład punktacji
Procent ludzi z każdym wynikiem
Percentyl według liczby udzielonych odpowiedzi
Twoja historia wyników
Nie rozwiązałeś tego quizu